Sistema tributario local : impuesto sobre actividades económicas / José Ignacio Rubio de Urquía, José Cordero López, Luis Valero Rodríguez impuesto sobre actividades económicas / José Ignacio Rubio de Urquía, José Cordero López, Luis Valero Rodríguez
ISBN:
84-454-0266-8
Descripción Física:
426 p. ; 23 cm
MARC
| LEADER | 00000nam a2200000Ia 4500 | ||
|---|---|---|---|
| 001 | 18373 | ||
| 008 | 160829s1991 xx 000 0 cat d | ||
| 020 | |a 84-454-0266-8 | ||
| 080 | |a M-5-315 | ||
| 100 | |a Rubio de Urquía, José Ignacio |9 25593 | ||
| 245 | |a Sistema tributario local : |b impuesto sobre actividades económicas / José Ignacio Rubio de Urquía, José Cordero López, Luis Valero Rodríguez | ||
| 260 | |a Madrid : |b Centro de Estudios Financieros, |c 1991 | ||
| 300 | |a 426 p. ; |c 23 cm | ||
| 650 | 0 | |a Impostos locals |z Espanya |9 22277 | |
| 650 | |a Negocis |x Impostos |x Espanya |9 23530 | ||
| 700 | |a Cordero López, José |9 23531 | ||
| 700 | |a Valero Rodríguez, Luis |9 23532 | ||
| 901 | |a Arxiu | ||
| 942 | |n 1 | ||
| 952 | |0 0 |1 0 |4 0 |6 M5315 |7 1 |9 42741 |a Arxiu |b Arxiu |d 2016-12-01 |l 0 |o M-5-315 |p 18373 |r 2016-12-01 00:00:00 |w 2016-12-01 |y ARXIU | ||
| 999 | |c 45247 |d 45247 | ||